|
|
|
|
| LEADER |
00000naa2a2200000 4500 |
| 001 |
386395 |
| 005 |
20231101063455.0 |
| 035 |
|
|
|a (RuTPU)RU\TPU\prd\15132
|
| 090 |
|
|
|a 386395
|
| 100 |
|
|
|a 20030616a2003 k y0rusy50 ca
|
| 101 |
0 |
|
|a rus
|
| 102 |
|
|
|a RU
|
| 200 |
1 |
|
|a Особенности разработки залежей с аномально высокими пластовыми давлениями и деформации трещиноватых коллекторов
|f Н. П. Лебединец, А. В. Давыдов
|
| 225 |
1 |
|
|a Повышение нефтеотдачи пластов
|
| 320 |
|
|
|a Библиогр.: 2 назв.
|
| 461 |
|
1 |
|0 (RuTPU)RU\TPU\prd\1638
|x 0028-2448
|t Нефтяное хозяйство
|o научно-технический производственный журнал
|d 1925-1940, 1946-
|
| 463 |
|
1 |
|0 (RuTPU)RU\TPU\prd\15057
|t № 4
|v С. 71-74
|d 2003
|
| 610 |
1 |
|
|a залежи
|
| 610 |
1 |
|
|a аномально-высокие пластовые давления
|
| 610 |
1 |
|
|a трещиноватые коллекторы
|
| 610 |
1 |
|
|a деформация
|
| 610 |
1 |
|
|a разработка
|
| 675 |
|
|
|a 622.276.1/.4(470.6)
|v 3
|
| 700 |
|
1 |
|a Лебединец
|b Н. П.
|
| 701 |
|
1 |
|a Давыдов
|b А. В.
|
| 801 |
|
1 |
|a RU
|b 63413507
|c 20030616
|g PSBO
|
| 801 |
|
2 |
|a RU
|b 63413507
|c 20131025
|g RCR
|
| 942 |
|
|
|c BK
|